LEADER 00820nas a2200229 i 4500 001 000000234185 003 CaOOAMICUS 005 20141117000000.0 008 141008b2014 ne uu u0 0mul r 013 $a213088 040 $aSeMil$bita 245 10$a[2014 : 4]. 260 $aLeiden ; Boston :$bBrill,$ccopyr. 2014. 300 $aP. [519]-699 ;$c24 cm. 500 $aArticoli con sintesi in inglese [Abstract] in testa. 773 0 $tVetus Testamentum.$dLeiden : Brill, 1951.$x0042-4935$w()3098 774 0 $t[vedi periodico].$w()281766 850 $aSeMil 852 $aSeMil$W1$xVenegono$y1$m100 5 76$j184531$B184531$CSeMilBibl$Z2$F197046 $85 961 $aAbbonamento: Brill 996 $6245$a[2014 : 4]$9(OLS)http://semarc/title/330103 996 $6260$aLeiden ; Boston :$bBrill$9(OLS)http://semarc/publisher/39473 LEADER 01025nam a2200253 i 4500 001 000000060041 003 CaOOAMICUS 005 20040614000000.0 008 040614s1997 it u000 u ita u 013 $a31213 040 $aSeMil$bita 245 13$aIl Cinquecento /$ca cura di Mina Gregori ; saggi di Daniele Benati ... [et al.]. 250 $aEd. fuori commercio riservata al Gruppo Sanpaolo. 300 $a251 p. :$briccamente ill. 490 0 $aPittura murale in Italia ;$v2.2 500 $aIn custodia. 650 4$aPittura murale - Italia - Sec. 16.$0(OLS)http://semarc/subject/12003 700 1 $aBenati, Daniele.$0(OLS)http://semarc/name/30569 700 1 $aGregori, Mina,$d<1924- >.$0(OLS)http://semarc/name/5645 830 0$aPittura murale in Italia ;$v2.2.$0(OLS)http://semarc/title/15561 850 $aSeMil 852 $aSeMil$W1$xVenegono$y1$m5I XI 51$j26194$B26194$CSeMilBibl$Z2$F26197 $81 961 $aOmaggio: Tremolada don Pierantonio 996 $6245$aIl Cinquecento$9(OLS)http://semarc/title/27199